| 000 | 00382nam a22001337a 4500 | ||
|---|---|---|---|
| 082 |
_a621.815 _bHAS _cL-12, P-53 |
||
| 100 |
_aHashmi, A. _941984 |
||
| 245 |
_aA text book of machine design _cA. Hashmi, BSc. Engg |
||
| 260 |
_aLahore, Pakistan _bNational Book Stall Lahore |
||
| 300 | _a597.p: | ||
| 526 |
_a0 _b0 _c0 _d621_815000000000000_HAS |
||
| 650 |
_aMCE _9379 |
||
| 942 |
_2ddc _cBK |
||
| 999 |
_c545994 _d545994 |
||